Rewolucja kultury przedsiebiorstwa przedsiebiorstwo fraktalne

Uložené v:
Podrobná bibliografia
Hlavný autor: Warnecke, Hans Jürgen
Ďalší autori: Gawrysiak, Marek
Médium: Kniha
Jazyk:Polish
Vydavateľské údaje: Warszawa Wydawnictwo Naukowe PWN 1999
Edícia:Przedsiebiorczosc
Predmet:
Tagy: Pridať tag
Žiadne tagy, Buďte prvý, kto otaguje tento záznam!

MARC

LEADER 00000nam a2200000 4500
001 c117021
005 20230220124202.2
020 |a 83-01-12874-7 
041 0 |a pol 
044 |a PL 
245 1 0 |a Rewolucja kultury przedsiebiorstwa  |b przedsiebiorstwo fraktalne  |c Hans-Jürgen Warnecke ; [preklad: Marek Gawrysiak] 
264 1 |a Warszawa  |b Wydawnictwo Naukowe PWN  |c 1999 
300 |a 191 s. 
490 1 |a Przedsiebiorczosc 
830 0 |a Przedsiebiorczosc 
610 2 0 |a podnik 
610 2 0 |a kultúra podniková 
610 2 0 |a štúdie prípadové 
610 2 0 |a revolúcia priemyselná 
610 2 0 |a produkcia 
610 2 0 |a práca 
610 2 0 |a ergonómia 
610 2 0 |a informácie 
610 2 0 |a stratégia podniková 
610 2 0 |a riadenie podnikové 
610 2 0 |a čas pracovný 
610 2 0 |a pracovníci 
610 2 0 |a organizácia podniku 
610 2 0 |a politika podnikania 
610 2 0 |a Japonsko 
610 2 0 |a Nemecko 
100 1 |a Warnecke, Hans Jürgen 
700 1 |a Gawrysiak, Marek